000 00296nam a22001337a 4500
008 181015b xxu||||| |||| 00| 0 eng d
020 _a9780155073692
041 _aeng
080 _28th
_a371
100 _a25
101 _aEDU
245 _aThe Practical Writer
_cBailey,E.P
942 _2udc
_cBK
999 _c49650
_d49650